Visualizzazione normale
Vista MARC
- Wallace Pamela
di Personal Name
Records bibliografici associati: 1
001 - CONTROL NUMBER
- control field: 42739
003 - CONTROL NUMBER IDENTIFIER
- control field: IT-RoPau
005 - DATE AND TIME OF LATEST TRANSACTION
- control field: 20151127091603.0
008 - FIXED-LENGTH DATA ELEMENTS
- fixed length control field: 151127|| aca||aabn | a|a d
040 ## - CATALOGING SOURCE
- Original cataloging agency: IT-RoPau
- Transcribing agency: IT-RoPau
100 ## - HEADING--PERSONAL NAME
- Personal name: Wallace Pamela
- Relator term: (soggetto)
- Miscellaneous information: Codice Soggetto 2° SPICS: 33869
670 ## - SOURCE DATA FOUND
- Source citation: Work cat.: (IT-RoPau)105673: Weir Peter Codice regista SPICS: 31122 42734, WITNESS - IL TESTIMONE WITNESS - IL TESTIMONE (Rif. Codice opera principale : H5931)